Συζήτηση με το Θεό : ένας ασυνήθιστος διάλογος

Αποθηκεύτηκε σε:
Λεπτομέρειες βιβλιογραφικής εγγραφής
Κύριος συγγραφέας: Walsch, Neale Donald
Άλλοι συγγραφείς: Καρακατσάνη, Ρένα (trlf)
Μορφή: Βιβλίο
Γλώσσα:Greek
Δημοσίευση: Αθήνα : Α. Καλογήρου, 1997.
Θέματα:
Ετικέτες: Προσθήκη ετικέτας
Δεν υπάρχουν, Καταχωρήστε ετικέτα πρώτοι!

MARC

LEADER 00000cam a2200000 i 4500
001 1/39575
008 030829s1997####gr | ||| |||| ||gre||
020 |a 9607604164 
035 |l 10070649 
040 |a GR-MyUA  |b gre  |e AACR2 
041 1 |a gre 
082 0 |a 133.93 
100 1 |a Walsch, Neale Donald. 
245 1 0 |a Συζήτηση με το Θεό :   |b ένας ασυνήθιστος διάλογος /   |c Neale Donald Walsch ; μετάφραση Ρένα Καρακατσάνη.  
260 |a Αθήνα :   |b Α. Καλογήρου,   |c 1997.  
300 |a 276 σ. ;   |c 20 εκ.  
650 0 0 |a God  |x Miscellanea. 
650 0 0 |a Spiritual life  |x Miscellanea. 
700 1 |a Καρακατσάνη, Ρένα,  |e trlf 
852 |a INST  |b SAMOS  |e 20030829  |h 133.93 WAL  |p 005300023959  |q 005300023959  |t BK  |y 0 
901 |a BIBL3-2003-2 
909 |a Σ  |b 087956 
970 |a ΜΑΛΑΓΑΡΗ  |b ΦΩΤΕΙΝΗ  |z 2003/08/29